Corpo a corpo

保存先:
書誌詳細
第一著者: Dreuilhe, Alain Emmanuel
フォーマット: 図書
言語:英語
出版事項: Milano
タグ: タグ追加
タグなし, このレコードへの初めてのタグを付けませんか!

MARC

LEADER 00000nam a2200000 4500
001 CDOM0000003704
003 mi
005 20251008114020.0
008 251008b |||||||| |||| 00| 0 eng d
040 |c mi 
100 |a Dreuilhe, Alain Emmanuel 
245 1 |a Corpo a corpo  
260 |a Milano 
942 |2 ddc  |c BK 
952 |0 0  |1 0  |2 ddc  |4 0  |7 0  |9 6924  |a MI  |b MI  |d 2009-08-19  |i 5408  |l 0  |p CDOM5408  |r 2025-07-13 16:28:00  |w 2025-07-13  |x DONO  |y BK 
999 |c 5651  |d 5651